| 000 | 00680nam a2200217Ii 4500 | ||
|---|---|---|---|
| 003 | JO-AjNU | ||
| 008 | 230605s9999||||xx |||||||||||||| ||und|| | ||
| 017 | _a2004/7/1593 | ||
| 040 |
_aJO-AjNU _bara _erda _cJO-AjNU |
||
| 041 | _aara | ||
| 050 | 1 | 4 | _aJQ1825.2004 |
| 100 | 3 |
_a السرحان، محمود قظام ، 2004, _eauthor _941133 |
|
| 245 | 0 | 0 | _aالشباب والاعتزاز الوطني |
| 250 | _a(د،ط) | ||
| 264 | 3 | 1 | _aد ، م : د ، ن ، 2004 |
| 300 | _a143ص | ||
| 336 |
_atext _btxt _2rdacontent |
||
| 337 |
_aunmediated _bn _2rdamedia |
||
| 338 |
_avolume _bnc _2rdacarrier |
||
| 650 | 4 |
_aالشباب -- التنمية الاجتماعية _941134 |
|
| 999 |
_aA17513 _c21081 _d21081 |
||